000 03389nam a22002897a 4500
003 DO-CoUTE
005 20260514132953.0
008 260514b dr ||||| |||| 00| 0 spa d
040 _aDO-CoUTE
_bspa
_cDO-CoUTE
041 _aspa
092 _aINF 2026 D35
100 1 _aDe La Cruz Matías, Rufimar Altagracia
_eSustentante
245 1 0 _aSistema de Control de Asistencia con Alertas a los Padres en el Nivel Secundario. Distrito Educativo 16-01. /
_cRufimar Altagracia De La Cruz, Matías Dariel Rafael Núñez Santos, Francisco Alberto Leocadio Peña, Jesús Osvaldo López, Alexis Reynoso García ; Asesor, Jenniffer Karina Disla
260 _aCotuí, República Dominicana ;
_bUTECO,
_c2026
300 _a81 Hojas :
_bImagenes ;
_c23cm,
_e+ 1 CD-ROM
502 _a Trabajo de Grado (Licenciatura en Informática ) Universidad Tecnológica del Cibao Oriental, 2026.
504 _aIncluye referencia bibliográfica e índice.
520 _aEl presente proyecto titulado “Sistema de Control de Asistencia con Alertas a los Padres en el Nivel Secundario. Distrito Educativo 16-01”, analiza las limitaciones del método manual de registro de asistencia utilizado en los centros educativos del nivel secundario del Distrito 16-01 y propone una solución tecnológica que optimiza este proceso y fortalece la comunicación con las familias. El problema identificado se relaciona con el uso de libros físicos y registros impresos que dificultan la organización de la información, retrasan la notificación a los padres y limitan la intervención oportuna ante casos de ausentismo escolar, lo que puede afectar el rendimiento académico y aumentar el riesgo de deserción. La investigación se desarrolló bajo un enfoque cualitativo y un diseño descriptivo, orientado a caracterizar el proceso actual de toma de asistencia y comprender la percepción de los actores involucrados. Los informantes clave incluyeron directores, subdirectores, coordinadores pedagógicos, orientadores y docentes. Para la recolección de datos se aplicaron entrevistas, observaciones y revisión bibliográfica, utilizando instrumentos validados por la asesora del proyecto y el Departamento de Investigación de la UTECO. Entre los principales hallazgos, se determinó que la gestión manual sobrecarga al personal docente e imposibilita una respuesta rápida frente al ausentismo. En respuesta, se desarrolló EduAsist, un sistema web en la nube que digitaliza el registro de asistencia en tiempo real, automatiza el envío de alertas a padres por WhatsApp, SMS y correo electrónico, y genera reportes estadísticos para la toma de decisiones pedagógicas. Asimismo, se diseñó una interfaz moderna, responsiva e intuitiva. Finalmente, se incorporaron medidas de seguridad informática para garantizar la protección de los datos personales y superar las limitaciones inherentes al uso de registros físicos.
650 4 _aControl de Asistencia
700 1 _aRufimar Altagracia De La Cruz Matías
_eSustentante
700 1 _aDariel Rafael Núñez Santos
_eSustentante
700 1 _aFrancisco Alberto Leocadio Peña
_eSustentante
700 1 _aJenniffer Karina Disla
_eAsesor
830 _aTesis y disertaciones académicas (Universidad Tecnológica del Cibao Oriental)
856 _yHaga Click Aquí para Descargar en Texto Completo
942 _2ddc
_cTH
999 _c24188
_d24188